000 01325nam a2200325 i 4500
003 OSt
005 20260530115317.0
008 260507b2011 mx a|||| |||| 00| 0 eng d
040 _aICI
_beng
_cICI
041 _aeng
050 _aF1216.3
_b.H47 2011
100 _eautor
245 _aThe Heritage of Mexico and Its Universal Value :
_bsites inscribed in the World Heritage List.
250 _a2011 edition.
264 _aMéxico :
_bInstituto Nacional de Antropología e Historia ;
264 _bConsejo Nacional para la Cultura y las Artes,
_c2011
300 _a79 páginas :
_bcolor illustrations, maps ;
336 _2rdacontent
_atexto
337 _2rdamedia
_asin medio
338 _2rdacarrier
_avolumen
500 _aPublication on Mexican cultural and natural sites inscribed on the UNESCO World Heritage List.
520 _aComprehensive survey of the cultural and natural heritage sites of Mexico recognized by UNESCO for their outstanding universal value.
650 _aWorld Heritage areas
_zMexico.
_933904
650 _aHistoric sites
_zMexico.
_933905
650 _aCultural property
_zMexico.
_933906
650 _aPatrimonio mundial
_zMéxico.
_933907
650 _aSitios históricos
_zMéxico.
_933908
650 _aConservación del patrimonio cultural
_zMéxico.
_933909
942 _2lcc
_cBK
_n1
999 _c13637
_d13637